000 01126cam a22003137i 4500
001 16731310
003 OSt
005 20200125145355.0
008 110412s2010 ii b 001 0 eng
010 _a 2011286033
020 _a9788177082296
040 _aDLC
_beng
_erda
_coclc
042 _apcc
043 _aa-ii---
050 0 0 _aMLCM 2015/42147 (H)
082 _a332.0954
_bAKH/N
100 _aAkhan, Jafor Ali
_91035
245 1 0 _aNon-banking Financial Companies (NBFCs) in India :
_bFunctioning and Reforms /
_cJafor Ali Akhan
264 1 _aNew Delhi, India :
_bNew Century Publications,
_c2010.
300 _axiv, 210 pages ;
_c23 cm
336 _atext
_btxt
_2rdacontent
337 _aunmediated
_bn
_2rdamedia
338 _avolume
_bnc
_2rdacarrier
504 _aIncludes bibliographical references (pages 195-202) and index.
650 0 _aNonbank financial institutions
_zIndia.
906 _a7
_bcbc
_corigres
_d4
_encip
_f20
_gy-gencatlg
942 _2ddc
_cBK
_h332.0954
_iAKH/N
_k332.0954
_mAKH/N
999 _c11413
_d11413